Name the Americas - Statistics

General Stats
  • This quiz has been taken 39 times
    38 since last reset
  • The average score is 28 of 34
Answer Stats
Answer % Correct
United States
100%
Canada
97%
Costa Rica
94%
Mexico
94%
Panama
94%
Argentina
90%
Brazil
90%
Chile
90%
Colombia
90%
Guyana
90%
Uruguay
90%
Bolivia
87%
Peru
87%
Suriname
87%
Cuba
84%
Ecuador
84%
Honduras
84%
Paraguay
84%
Venezuela
84%
Belize
81%
Guatemala
81%
Jamaica
81%
Nicaragua
81%
Bahamas
77%
El Salvador
77%
Haiti
77%
Antigua and Barbuda
74%
Dominica
74%
Dominican Republic
74%
Trinidad And Tobago
74%
Saint Kitts And Nevis
71%
Saint Vincent And The Grenadines
71%
Barbados
65%
Saint Lucia
61%
No matching quizzes found
Score Distribution
Percent of People with Each Score
Percentile by Number Answered
Your Score History
You have not taken this quiz since the last reset